000
00326nam a22001457a 4500
003
SGT
020
_a
978-1-4511-1660-1
082
_a
617
_b
L13C
100
_a
CESTARI, DEAN M.
245
_a
LEARING STRABISMUS SURGERY
260
_a
PHILADELPHIA
_b
WOLTERS KLUWER
_c
2013
300
_a
241
650
_a
SURGERY
942
_2
ddc
_c
BK
999
_c
19633
_d
19633